书目信息 |
| 题名: |
DV新世代
|
|
| 作者: | ;凤凰卫视之DV新世代栏目组 编 | |
| 分册: | 1 | |
| 出版信息: | 北京 中国青年出版社 2003.04 |
|
| 页数: | 268页 | |
| 开本: | 20cm | |
| 丛书名: | ||
| 单 册: | ||
| 中图分类: | TN948.41 , G229.276 | |
| 科图分类: | ||
| 主题词: | 电视节目--香港--汇编 , 数字控制摄像机--拍摄技术 | |
| 电子资源: | ||
| ISBN: | 7-5006-5158-9 | |
| 000 | 00816nam0 22002412 4505 | |
| 001 | 192004003103 | |
| 005 | 20070905154353.15 | |
| 010 | @a7-5006-5158-9@dCNY25.00 | |
| 100 | @a20070601d2003 ekmy0chiy0121 ea | |
| 101 | 0 | @achi |
| 102 | @aCN@b110000 | |
| 105 | @aac z 000yy | |
| 200 | 1 | @aDV新世代@ADV xin shi dai@f凤凰卫视之《DV新世代》栏目组编@h1 |
| 210 | @a北京@c中国青年出版社@d2003.04 | |
| 215 | @a268页@c图, 肖像@d20cm | |
| 330 | @a本书以该栏目播出的获奖作品为线索,既介绍了DV作者的创作过程和心得体会,又有舒乙、海岩、张元、徐舫洲、 | |
| 606 | 0 | @a电视节目@y香港@j汇编 |
| 606 | 0 | @a数字控制摄像机@x拍摄技术 |
| 690 | @aTN948.41@v4 | |
| 690 | @aG229.276@v4 | |
| 711 | 02 | @a凤凰卫视之DV新世代栏目组@Afeng huang wei shi zhiD V xin shi dai lan mu zu@4编 |
| 801 | 0 | @aCN@c20070905 |
| 905 | @dG229.276@eF556 | |
| DV新世代/凤凰卫视之《DV新世代》栏目组编.1.-北京:中国青年出版社,2003.04 |
| 268页:图, 肖像;20cm |
| ISBN 7-5006-5158-9:CNY25.00 |
| 本书以该栏目播出的获奖作品为线索,既介绍了DV作者的创作过程和心得体会,又有舒乙、海岩、张元、徐舫洲、 |
| ● |
| 相关链接 |
|
|
|
正题名:DV新世代
索取号:G229.276/F556
 
预约/预借
| 序号 | 登录号 | 条形码 | 馆藏地/架位号 | 状态 | 备注 |
| 1 | 619594 | 206195945 | 社科库409/409社科库 58排4列1层/ [索取号:G229.276/F556] | 在馆 | |
| 2 | 619595 | 206195954 | 社科库409/409社科库 58排4列1层/ [索取号:G229.276/F556] | 在馆 | |
| 3 | 619596 | 206195963 | 社科库409/409社科库 58排4列1层/ [索取号:G229.276/F556] | 在馆 |